| 000 | 00435nam a2200181Ia 4500 | ||
|---|---|---|---|
| 005 | 20240823033828.0 | ||
| 008 | 240823s9999||||xx |||||||||||||| ||und|| | ||
| 041 | _aENGLISH | ||
| 082 | _A621.30221 M9 | ||
| 100 | _aMouleeswaran | ||
| 245 | 0 | _aElectrical Drawing I | |
| 250 | _a2nd | ||
| 260 |
_c1989 _b"Pratheeba,Coimbatore" |
||
| 500 | _aTransfered | ||
| 650 |
_aElectrical Drawing _bElectrical |
||
| 942 | _cBK | ||
| 999 |
_c196753 _d196753 |
||